00754 2200265 4500001002100000005001700021008004100038020002200079035002500101040001200126082001500138084002100153100001800174245006700192250001000259260003300269300004300302500003000345650002900375700001800404850001200422990001800434990001800452990001800470INLIS00000000000651020150928093236.0  a978-602-8545-46-4 a0010-061500000000631 aYOPDYOG a651.530285 a651.530285 Agu M aAGUS SUGIARTO aManajemen kearsipan elektronikc/ Agus Sugiarto, Teguh Wahyono aCet.1 aYogyakartabGava Mediac2014 ax, 201 hlm.b:ilus.c;23 cm CD [3 eks] aBibliografi: hlm. 125-127 aArsip, Materi- Manajemen aTeguh Wahyono aYOPDYOG a13614-PD/B.15 a13615-PD/B.15 a13616-PD/B.15